Heroes of Might and Magic V Dark Elf Creatures - Statistics

General Stats
  • This quiz has been taken 41 times
  • The average score is 8 of 14
Answer Stats
Level Creature % Correct
1 Assassin
88%
3 Minotaur
88%
7 Black Dragon
84%
5 Hydra
84%
2 Blood Maiden
64%
2 Blood Fury
56%
7 Shadow Dragon
56%
1 Scout
52%
6 Shadow Matriarch
44%
3 Minotaur Guard
40%
6 Shadow Witch
40%
5 Deep Hydra
36%
4 Grim Raider
28%
4 Dark Raider
24%
No matching quizzes found
Score Distribution
Percent of People with Each Score
Percentile by Number Answered
Your Score History
You have not taken this quiz